000 03220nam a22005294a 4500
001 ebr10422205
003 CaPaEBR
006 m u
007 cr cn|||||||||
008 100520s2009 si a sb 100 0 eng c
010 _z 2010459155
015 _aGBA9A3063
_2bnb
016 7 _z015395482
_2Uk
020 _z9789812835918
020 _z9812835911
040 _aCaPaEBR
_cCaPaEBR
035 _a(OCoLC)681556425
050 1 4 _aQH541.15.R4
_bI58 2006eb
082 0 4 _a623.4/590287
_222
111 2 _aInternational Symposium on Spectral Sensing Research
_d(2006 :
_cBar Harbor, Me.)
245 1 0 _aSpectral sensing research for surface and air monitoring in chemical, biological and radiological defense and security applications
_h[electronic resource] /
_ceditors, Jean-Marc Theriault, James O. Jensen.
260 _aNew Jersey :
_bWorld Scientific,
_cc2009.
300 _axii, 532 p. :
_bill.
490 1 _aSelected topics in electronics and systems ;
_vv. 49
500 _a"Select papers from the 2006 International Symposium on Spectral Sensing Research (2006 ISSSR)."--P. v.
504 _aIncludes bibliographical references.
520 _aThis book provides unique perspectives on the state of the art in multispectral/hyperspectral techniques for early-warning monitoring against chemical, biological and radiological (CB&R) contamination of both surface (e.g. land) and air (e.g. atmospheric) environments through the presentation of a comprehensive survey of the novel spectroscopic methodologies and technologies that are emerging to address the CB&R defense and security challenges of the future. The technical content in this book lends itself to the non-traditional requirements for point and stand-off detection that have evolved out of the US joint services programs over many years. In particular, the scientific and technological work presented seeks to enable hyperspectral-based sensing and monitoring that is in real time and in-line; low in cost and labor requirements; and easy to support, maintain and use in military and security-relevant scenarios.--Publisher's description.
533 _aElectronic reproduction.
_bPalo Alto, Calif. :
_cebrary,
_d2013.
_nAvailable via World Wide Web.
_nAccess may be limited to ebrary affiliated libraries.
650 0 _aEnvironmental monitoring
_xRemote sensing
_vCongresses.
650 0 _aRadioactive pollution
_xRemote sensing
_vCongresses.
650 0 _aChemical detectors
_vCongresses.
650 0 _aChemical terrorism
_xPrevention
_vCongresses.
650 0 _aBiological weapons
_xRemote sensing
_vCongresses.
650 0 _aSpectrum analysis
_vCongresses.
653 1 _aISSSR
653 1 _aSpectral sensing research
653 1 _aRadiological defense applications
653 1 _aSecurity applications
653 1 _aBiological applications
653 1 _aAir monitoring
655 7 _aElectronic books.
_2local
700 1 _aTh�eriault, Jean-Marc,
_d1954-
700 1 _aJensen, James O.
710 2 _aebrary, Inc.
830 0 _aSelected topics in electronics and systems ;
_vv. 49.
856 4 0 _uhttp://site.ebrary.com/lib/rucke/Doc?id=10422205
_zAn electronic book accessible through the World Wide Web; click to view
999 _c140247
_d140247